| 000 | 01334nam a2200349 a 4500 | ||
|---|---|---|---|
| 001 | 000111914 | ||
| 003 | CHAP | ||
| 005 | 20220329144234.0 | ||
| 008 | 151013s2015 mx a |sm |||||||spa d | ||
| 010 | _a108375 | ||
| 011 | _a109347 | ||
| 040 | _cCHAP | ||
| 090 | _aTesis | ||
| 100 | 1 |
_aGuerrero Luna, Brenda Cecilia _9129900 |
|
| 245 | 1 | 0 |
_aControl de calidad, respuesta funcional y contaminantes biológicos de tres especies benéficas en CREROB Torreón. _h[En línea] _cpor Brenda Cecilia Guerrero Luna. |
| 260 |
_aChapingo, Méx. : _bEl autor, _c2015. |
||
| 500 | _aPara ver el contenido del material haga clic en la liga | ||
| 502 | _aTesis (Ing. Agr. Esp. en Parasitología Agrícola) -- UACH. Departamento de Parasitología Agrícola | ||
| 590 |
_aBATCH-UPD _b05 _c20151013 _lUCH01 _h1321 |
||
| 590 |
_aE5652GLJ _b05 _c20151013 _lUCH01 _h1058 |
||
| 590 |
_aE5652GLJ _b05 _c20151013 _lUCH01 _h1058 |
||
| 590 |
_aE5652GLJ _b05 _c20151013 _lUCH01 _h1321 |
||
| 650 | 1 | 4 |
_aChrysoperla carnea. _922956 |
| 650 | 1 | 4 |
_aControl biológico de plagas. _927587 |
| 650 | 1 | 4 |
_aInsectos _xReproducción. _958940 |
| 650 | 1 | 4 |
_aTrichogramma atopovirilia. _9129921 |
| 650 | 1 | 4 |
_aTrichogramma Pretiosum. _9114929 |
| 856 |
_aFinding aid _uhttp://10.13.5.2/tesis/sist111914.pdf _zTeclea aquí |
||
| 901 | _aBK | ||
| 942 | _cTESIS | ||
| 942 | _n0 | ||
| 999 |
_c108375 _d108375 |
||